Hướng dẫn sử dụng digital image 10 (hướng dẫn bằng hình)

Guardat en:
Dades bibliogràfiques
Autor principal: Nguyễn, Công Khanh
Format: Llibre
Idioma:Undetermined
Publicat: Thành phố Hồ Chí Minh Thống kê 2004
Matèries:
Etiquetes: Afegir etiqueta
Sense etiquetes, Sigues el primer a etiquetar aquest registre!
Thư viện lưu trữ: Trung tâm Học liệu Trường Đại học Cần Thơ
LEADER 00633nam a2200205Ia 4500
001 CTU_93572
008 210402s9999 xx 000 0 und d
020 |c 41000 
082 |a 621.367 
082 |b Kh107 
100 |a Nguyễn, Công Khanh 
245 0 |a Hướng dẫn sử dụng digital image 10 (hướng dẫn bằng hình) 
245 0 |c Nguyễn Công Khanh 
260 |a Thành phố Hồ Chí Minh 
260 |b Thống kê 
260 |c 2004 
650 |a Image processing 
650 |x Digital techniques 
904 |i Nguyên 
980 |a Trung tâm Học liệu Trường Đại học Cần Thơ